000 00401nam a2200097Ia 4500
005 20250424112915.0
008 250424s9999 xx 000 0 und d
300 _a2483 p. :ill. ; 29 cm.
650 _aFinance--Periodicals. Business enterprises--Periodicals. Management--Periodicals. Finance--Poland--Periodicals. Business enterprises--Poland--Periodicals. Management--Poland--Periodicals.
942 _cSR
999 _c37810
_d37810